| 000 | 00998cam a2200289 a 4500 | ||
|---|---|---|---|
| 999 |
_c233542 _d233542 |
||
| 001 | 17093837 | ||
| 003 | NUST | ||
| 005 | 20180117090025.0 | ||
| 008 | 111222s2013 maua b 001 0 eng | ||
| 010 | _a 2011048315 | ||
| 020 | _a9780205239399 | ||
| 040 |
_aDLC _cDLC _dDLC |
||
| 042 | _apcc | ||
| 050 | 0 | 0 |
_aQP360 _b.C35 2013 |
| 082 | 0 | 0 |
_a612.8 _223 |
| 100 | 1 |
_aCarlson, Neil R., _d1942- |
|
| 245 | 1 | 0 |
_aPhysiology of behavior / _cNeil R. Carlson. |
| 250 | _aEleventh ed. | ||
| 260 |
_aBoston : _bPearson, _cc2013. |
||
| 300 |
_axx, 748 p. : _bcol. ill. ; _c29 cm. |
||
| 504 | _aIncludes bibliographical references (p. 645-712) and index. | ||
| 650 | 0 | _aPsychophysiology. | |
| 906 |
_a7 _bcbc _corignew _d1 _eecip _f20 _gy-gencatlg |
||
| 942 |
_2ddc _cBK |
||